00478nam a2200145 4500003000900000005001700009008004100026020002700067040001300094082002000107100001700127245013100144260003900275650001800314SEACOMEC20240620123442.0240620b |||||||| |||| 00| 0 eng d a 8187134100cRs.345.00 aSEACOMEC a518.60285bM726 aMollah, S. A1 aNumerical analysis and computational procedures including computer fundamentals and programming in fortran and CcS. A. Mollah aKolkata b Books and allied c2008 a Mathematics